[Event "European Women's Championship"]
[Site "Vysoke Tatry"]
[Date "2018.04.14"]
[Round "7"]
[White "Martynkova, Olena"]
[Black "Caglar, Sila"]
[Result "1-0"]
[Board "50"]
[WhiteElo "2280"]
[WhiteTitle "WIM"]
[WhiteCountry "UKR"]
[WhiteFideId "14134039"]
[WhiteEloChange "5"]
[BlackElo "2077"]
[BlackTitle "WFM"]
[BlackCountry "TUR"]
[BlackFideId "6364063"]
[BlackEloChange "-5"]

1. e4 {[%clk 1:30:55]} d6 {[%clk 1:30:53]} 2. d4 {[%clk 1:31:00]} Nf6 {[%clk
1:31:19]} 3. Nc3 {[%clk 1:31:11]} e5 {[%clk 1:31:41]} 4. Nf3 {[%clk 1:30:34]}
Nbd7 {[%clk 1:32:01]} 5. Bc4 {[%clk 1:30:06]} Be7 {[%clk 1:32:25]} 6. O-O {[%clk
1:29:49]} O-O {[%clk 1:32:46]} 7. Re1 {[%clk 1:27:04]} a6 {[%clk 1:33:02]} 8. a4
{[%clk 1:25:40]} b6 {[%clk 1:33:26]} 9. h3 {[%clk 1:16:36]} Bb7 {[%clk 1:24:02]}
10. Bg5 {[%clk 1:01:10]} c6 {[%clk 1:07:34]} 11. dxe5 {[%clk 0:50:05]} dxe5
{[%clk 1:03:21]} 12. Bb3 {[%clk 0:42:06]} Qc7 {[%clk 1:00:05]} 13. Nh4 {[%clk
0:38:25]} Nc5 {[%clk 0:40:38]} 14. Nf5 {[%clk 0:29:58]} Ne6 {[%clk 0:37:12]} 15.
Be3 {[%clk 0:28:20]} Rad8 {[%clk 0:19:47]} 16. Qf3 {[%clk 0:22:38]} c5 {[%clk
0:18:02]} 17. Qg3 {[%clk 0:20:32]} c4 {[%clk 0:09:20]} 18. Bxc4 {[%clk 0:16:21]}
Qxc4 {[%clk 0:06:10]} 19. Nxe7+ {[%clk 0:16:16]} Kh8 {[%clk 0:06:38]} 20. Qxe5
{[%clk 0:10:22]} Rfe8 {[%clk 0:03:10]} 21. Nf5 {[%clk 0:09:38]} Qb4 {[%clk
0:00:33]} 22. Rad1 {[%clk 0:05:16]} Rxd1 {[%clk 0:00:37]} 23. Rxd1 {[%clk
0:05:42]} Qxb2 {[%clk 0:00:32]} 24. Nxg7 {[%clk 0:04:23]} Kxg7 {[%clk 0:00:38]}
25. Bh6+ {[%clk 0:04:40]} Kg8 {[%clk 0:00:38]} 26. Qxf6 {[%clk 0:04:53]} Qxc2
{[%clk 0:00:32]} 27. Rd7 {[%clk 0:04:57]} Rf8 {[%clk 0:00:31]} 28. Bxf8 {[%clk
0:04:48]} 1-0

[Event "European Women's Championship"]
[Site "Vysoke Tatry"]
[Date "2018.04.14"]
[Round "7"]
[White "Smirnova, Ekaterina"]
[Black "Sargsyan, Anna M."]
[Result "1/2-1/2"]
[Board "51"]
[WhiteElo "2153"]
[WhiteTitle "WFM"]
[WhiteCountry "RUS"]
[WhiteFideId "4110943"]
[WhiteEloChange "3"]
[BlackElo "2276"]
[BlackTitle "WFM"]
[BlackCountry "ARM"]
[BlackFideId "13308130"]
[BlackEloChange "-3"]

1. d4 {[%clk 1:30:52]} d5 {[%clk 1:30:55]} 2. c4 {[%clk 1:31:16]} c6 {[%clk
1:31:21]} 3. cxd5 {[%clk 1:31:41]} cxd5 {[%clk 1:31:49]} 4. Bf4 {[%clk 1:32:06]}
Nc6 {[%clk 1:32:16]} 5. Nc3 {[%clk 1:32:25]} e5 {[%clk 1:32:35]} 6. dxe5 {[%clk
1:20:01]} d4 {[%clk 1:32:54]} 7. Ne4 {[%clk 1:18:56]} Qa5+ {[%clk 1:33:16]} 8.
Nd2 {[%clk 1:16:27]} Nge7 {[%clk 1:30:38]} 9. Nf3 {[%clk 1:14:03]} Ng6 {[%clk
1:25:52]} 10. g3 {[%clk 1:12:25]} Ngxe5 {[%clk 1:16:15]} 11. Nxe5 {[%clk
1:08:27]} Nxe5 {[%clk 1:16:35]} 12. Bg2 {[%clk 1:06:04]} g6 {[%clk 1:03:56]} 13.
O-O {[%clk 1:04:28]} Bg7 {[%clk 1:04:22]} 14. Bxe5 {[%clk 0:52:16]} Qxe5 {[%clk
1:03:53]} 15. Qa4+ {[%clk 0:51:33]} Bd7 {[%clk 1:02:59]} 16. Qb4 {[%clk 0:51:34]}
Qe7 {[%clk 1:01:33]} 17. Qxb7 {[%clk 0:49:53]} O-O {[%clk 1:01:26]} 18. Nb3
{[%clk 0:39:49]} Rfd8 {[%clk 0:59:06]} 19. Rfe1 {[%clk 0:37:51]} Qe8 {[%clk
0:53:21]} 20. Rac1 {[%clk 0:31:44]} Be6 {[%clk 0:52:12]} 21. Na5 {[%clk 0:26:38]}
Rab8 {[%clk 0:39:14]} 22. Qxa7 {[%clk 0:24:34]} d3 {[%clk 0:37:19]} 23. exd3
{[%clk 0:19:47]} Bd4 {[%clk 0:37:26]} 24. Qc7 {[%clk 0:19:48]} Rxb2 {[%clk
0:37:04]} 25. Rf1 {[%clk 0:19:09]} Rc8 {[%clk 0:28:29]} 26. Qf4 {[%clk 0:18:01]}
Rxc1 {[%clk 0:28:44]} 27. Qxc1 {[%clk 0:18:24]} Qa4 {[%clk 0:27:04]} 28. Nc6
{[%clk 0:16:17]} Bf6 {[%clk 0:24:12]} 29. d4 {[%clk 0:13:15]} Qxa2 {[%clk
0:22:36]} 30. d5 {[%clk 0:13:18]} Bf5 {[%clk 0:20:01]} 31. Qe3 {[%clk 0:06:39]}
Re2 {[%clk 0:18:34]} 32. Qf4 {[%clk 0:06:57]} Qb2 {[%clk 0:16:34]} 33. d6 {[%clk
0:02:07]} Bd7 {[%clk 0:14:15]} 34. Ne7+ {[%clk 0:02:17]} Kg7 {[%clk 0:14:02]} 35.
Nd5 {[%clk 0:00:50]} Be5 {[%clk 0:13:57]} 36. Qf3 {[%clk 0:01:01]} Bxd6 {[%clk
0:13:30]} 37. Qc3+ {[%clk 0:01:07]} Qxc3 {[%clk 0:13:44]} 38. Nxc3 {[%clk
0:01:36]} Rc2 {[%clk 0:14:13]} 39. Ne4 {[%clk 0:01:13]} Be7 {[%clk 0:14:27]} 40.
Rd1 {[%clk 0:31:28]} Be6 {[%clk 0:43:59]} 41. f4 {[%clk 0:28:39]} h6 {[%clk
0:44:11]} 42. h3 {[%clk 0:24:13]} f5 {[%clk 0:43:47]} 43. Nd2 {[%clk 0:24:20]}
Bc5+ {[%clk 0:43:35]} 44. Kh1 {[%clk 0:24:42]} g5 {[%clk 0:43:48]} 45. fxg5
{[%clk 0:23:50]} hxg5 {[%clk 0:44:06]} 46. Nf3 {[%clk 0:24:01]} Kf6 {[%clk
0:43:41]} 47. Nd4 {[%clk 0:22:05]} Rc3 {[%clk 0:42:29]} 48. Nxe6 {[%clk 0:21:51]}
Kxe6 {[%clk 0:42:56]} 49. Re1+ {[%clk 0:20:23]} Kf6 {[%clk 0:42:44]} 50. Rf1
{[%clk 0:20:29]} Ke5 {[%clk 0:42:15]} 51. Re1+ {[%clk 0:19:07]} Kd4 {[%clk
0:41:37]} 52. Rf1 {[%clk 0:19:12]} Ke5 {[%clk 0:42:02]} 53. Re1+ {[%clk 0:19:38]}
Be3 {[%clk 0:42:27]} 54. Bf3 {[%clk 0:19:36]} f4 {[%clk 0:42:38]} 55. gxf4+
{[%clk 0:19:33]} Kxf4 {[%clk 0:43:03]} 56. Kg2 {[%clk 0:17:01]} Rc2+ {[%clk
0:43:27]} 57. Re2 {[%clk 0:17:25]} Rc1 {[%clk 0:43:53]} 58. Bg4 {[%clk 0:16:48]}
1/2-1/2

[Event "European Women's Championship"]
[Site "Vysoke Tatry"]
[Date "2018.04.14"]
[Round "7"]
[White "Trippold, Denise"]
[Black "Paramzina, Anastasya"]
[Result "0-1"]
[Board "52"]
[WhiteElo "2067"]
[WhiteTitle "WFM"]
[WhiteCountry "AUT"]
[WhiteFideId "1625594"]
[WhiteEloChange "-5"]
[BlackElo "2271"]
[BlackTitle "WGM"]
[BlackCountry "RUS"]
[BlackFideId "4165012"]
[BlackEloChange "5"]

1. Nf3 {[%clk 1:30:57]} d5 {[%clk 1:30:48]} 2. g3 {[%clk 1:31:15]} Nf6 {[%clk
1:30:32]} 3. Bg2 {[%clk 1:31:24]} g6 {[%clk 1:29:33]} 4. b3 {[%clk 1:30:29]} Bg7
{[%clk 1:28:53]} 5. Bb2 {[%clk 1:30:52]} b6 {[%clk 1:28:48]} 6. c4 {[%clk
1:29:03]} Bb7 {[%clk 1:28:50]} 7. O-O {[%clk 1:27:51]} O-O {[%clk 1:28:38]} 8. d3
{[%clk 1:25:47]} e6 {[%clk 1:18:58]} 9. Qc2 {[%clk 1:21:32]} c5 {[%clk 1:18:41]}
10. cxd5 {[%clk 1:17:34]} exd5 {[%clk 1:18:25]} 11. d4 {[%clk 1:15:43]} Nbd7
{[%clk 1:16:30]} 12. Nc3 {[%clk 1:13:20]} Ne4 {[%clk 1:05:17]} 13. Rac1 {[%clk
0:58:13]} Rc8 {[%clk 0:59:27]} 14. Rfd1 {[%clk 0:47:08]} Ndf6 {[%clk 0:32:09]}
15. Qb1 {[%clk 0:37:10]} Bh6 {[%clk 0:24:20]} 16. Nxe4 {[%clk 0:28:13]} dxe4
{[%clk 0:23:23]} 17. dxc5 {[%clk 0:27:39]} Qe7 {[%clk 0:23:42]} 18. Bxf6 {[%clk
0:14:32]} Qxf6 {[%clk 0:23:12]} 19. Nd2 {[%clk 0:14:57]} e3 {[%clk 0:21:23]} 20.
Bxb7 {[%clk 0:11:01]} Qxf2+ {[%clk 0:20:12]} 21. Kh1 {[%clk 0:11:30]} exd2 {[%clk
0:20:33]} 22. Rc3 {[%clk 0:09:26]} Rxc5 {[%clk 0:17:44]} 23. Rxc5 {[%clk
0:04:02]} bxc5 {[%clk 0:17:45]} 24. Bf3 {[%clk 0:04:09]} Rd8 {[%clk 0:17:50]} 25.
Qc2 {[%clk 0:02:30]} Bg7 {[%clk 0:16:41]} 26. Bg4 {[%clk 0:02:00]} h5 {[%clk
0:16:52]} 27. Bf3 {[%clk 0:02:04]} h4 {[%clk 0:17:11]} 28. gxh4 {[%clk 0:00:59]}
Be5 {[%clk 0:17:35]} 29. Bg2 {[%clk 0:01:24]} Qe1+ {[%clk 0:17:55]} 30. Bf1
{[%clk 0:01:40]} Qxh4 {[%clk 0:18:11]} 31. h3 {[%clk 0:01:11]} Qg3 {[%clk
0:18:33]} 0-1

[Event "European Women's Championship"]
[Site "Vysoke Tatry"]
[Date "2018.04.14"]
[Round "7"]
[White "Kantane, Anna"]
[Black "Ilyuchyk, Yana"]
[Result "1-0"]
[Board "53"]
[WhiteElo "2266"]
[WhiteTitle "WIM"]
[WhiteCountry "POL"]
[WhiteFideId "1135988"]
[WhiteEloChange "6"]
[BlackElo "2098"]
[BlackCountry "BLR"]
[BlackFideId "13508407"]
[BlackEloChange "-6"]

1. e4 {[%clk 1:29:47]} c5 {[%clk 1:30:57]} 2. Nf3 {[%clk 1:30:01]} Nc6 {[%clk
1:31:22]} 3. d4 {[%clk 1:30:25]} cxd4 {[%clk 1:31:48]} 4. Nxd4 {[%clk 1:30:47]}
Nf6 {[%clk 1:32:14]} 5. Nc3 {[%clk 1:31:07]} d6 {[%clk 1:32:39]} 6. Bg5 {[%clk
1:28:37]} a6 {[%clk 1:33:03]} 7. Qd2 {[%clk 1:24:05]} Nxd4 {[%clk 1:33:23]} 8.
Qxd4 {[%clk 1:24:27]} Qa5 {[%clk 1:33:48]} 9. Bd2 {[%clk 1:16:08]} Qc7 {[%clk
1:34:10]} 10. Bd3 {[%clk 1:10:20]} e6 {[%clk 1:23:33]} 11. a4 {[%clk 1:07:27]}
Bd7 {[%clk 1:18:55]} 12. O-O {[%clk 0:56:21]} Be7 {[%clk 1:13:02]} 13. a5 {[%clk
0:43:21]} Bc6 {[%clk 1:09:38]} 14. Na4 {[%clk 0:34:26]} O-O {[%clk 1:04:17]} 15.
c4 {[%clk 0:27:26]} Nd7 {[%clk 0:48:47]} 16. Nc3 {[%clk 0:27:16]} Rac8 {[%clk
0:44:50]} 17. Rfc1 {[%clk 0:25:26]} Bf6 {[%clk 0:41:24]} 18. Qe3 {[%clk 0:25:29]}
Ne5 {[%clk 0:41:20]} 19. Bf1 {[%clk 0:16:23]} Bd7 {[%clk 0:37:35]} 20. Nd1 {[%clk
0:11:47]} Nc6 {[%clk 0:34:56]} 21. Ra3 {[%clk 0:10:10]} Bd4 {[%clk 0:32:59]} 22.
Qg3 {[%clk 0:10:07]} Ne5 {[%clk 0:27:36]} 23. Kh1 {[%clk 0:08:55]} Bc6 {[%clk
0:24:17]} 24. f4 {[%clk 0:08:42]} Nd7 {[%clk 0:24:31]} 25. Nc3 {[%clk 0:06:55]}
Nc5 {[%clk 0:18:44]} 26. Re1 {[%clk 0:05:40]} f5 {[%clk 0:18:21]} 27. exf5 {[%clk
0:04:53]} exf5 {[%clk 0:18:47]} 28. b4 {[%clk 0:04:23]} Ne4 {[%clk 0:18:38]} 29.
Nxe4 {[%clk 0:04:51]} Bxe4 {[%clk 0:18:41]} 30. Be3 {[%clk 0:03:44]} Bxe3 {[%clk
0:14:31]} 31. Qxe3 {[%clk 0:03:37]} d5 {[%clk 0:12:08]} 32. cxd5 {[%clk 0:02:37]}
Bxd5 {[%clk 0:12:33]} 33. Qd4 {[%clk 0:02:34]} Be4 {[%clk 0:12:12]} 34. Rg3
{[%clk 0:02:25]} Rf7 {[%clk 0:11:24]} 35. Kg1 {[%clk 0:01:55]} Rd7 {[%clk
0:10:25]} 36. Qf2 {[%clk 0:00:54]} Qc2 {[%clk 0:06:37]} 37. Re2 {[%clk 0:00:36]}
Qd1 {[%clk 0:05:10]} 38. Re1 {[%clk 0:00:42]} Qd4 {[%clk 0:05:29]} 39. Rb3 {[%clk
0:00:46]} Qxf2+ {[%clk 0:02:32]} 40. Kxf2 {[%clk 0:31:10]} Rc2+ {[%clk 0:31:52]}
41. Re2 {[%clk 0:27:39]} Rc1 {[%clk 0:29:57]} 42. Reb2 {[%clk 0:18:15]} Rdd1
{[%clk 0:24:45]} 43. Be2 {[%clk 0:18:34]} Rg1 {[%clk 0:24:56]} 44. Bf3 {[%clk
0:18:32]} Rgf1+ {[%clk 0:21:21]} 45. Kg3 {[%clk 0:16:27]} Rc6 {[%clk 0:20:00]}
46. b5 {[%clk 0:10:14]} axb5 {[%clk 0:16:34]} 47. Rxb5 {[%clk 0:09:07]} Rg6+
{[%clk 0:14:04]} 48. Kh4 {[%clk 0:09:10]} Rh1 {[%clk 0:11:51]} 49. h3 {[%clk
0:07:03]} Bxf3 {[%clk 0:12:14]} 50. gxf3 {[%clk 0:07:22]} Rh6+ {[%clk 0:12:26]}
51. Kg5 {[%clk 0:06:29]} R6xh3 {[%clk 0:05:50]} 52. Kxf5 {[%clk 0:06:28]} Rh5+
{[%clk 0:04:57]} 53. Ke6 {[%clk 0:06:12]} Rh6+ {[%clk 0:02:16]} 54. Kd7 {[%clk
0:04:34]} Kf7 {[%clk 0:00:46]} 55. Kc7 {[%clk 0:04:37]} Rc1+ {[%clk 0:00:34]} 56.
Kxb7 {[%clk 0:05:01]} Rd6 {[%clk 0:00:48]} 57. a6 {[%clk 0:02:27]} Rd7+ {[%clk
0:01:11]} 58. Kb6 {[%clk 0:02:29]} Ra1 {[%clk 0:00:38]} 59. Kc6 {[%clk 0:01:51]}
Re7 {[%clk 0:01:03]} 60. Rf5+ {[%clk 0:01:22]} Kg6 {[%clk 0:00:57]} 61. Rg5+
{[%clk 0:01:49]} Kf6 {[%clk 0:01:16]} 62. Rb6 {[%clk 0:01:51]} h6 {[%clk
0:00:33]} 63. Re5 {[%clk 0:01:00]} Ra7 {[%clk 0:00:35]} 64. Kb5+ {[%clk 0:01:12]}
Kf7 {[%clk 0:00:57]} 65. Rb7+ {[%clk 0:01:20]} Rxb7+ {[%clk 0:01:21]} 66. axb7
{[%clk 0:01:48]} Rb1+ {[%clk 0:01:36]} 67. Kc6 {[%clk 0:02:09]} g6 {[%clk
0:01:49]} 68. Rb5 {[%clk 0:02:10]} Rc1+ {[%clk 0:02:15]} 69. Kb6 {[%clk 0:02:07]}
1-0

[Event "European Women's Championship"]
[Site "Vysoke Tatry"]
[Date "2018.04.14"]
[Round "7"]
[White "Hapala, Elisabeth"]
[Black "Gevorgyan, Maria"]
[Result "0-1"]
[Board "54"]
[WhiteElo "2091"]
[WhiteTitle "WFM"]
[WhiteCountry "AUT"]
[WhiteFideId "1622080"]
[WhiteEloChange "-6"]
[BlackElo "2226"]
[BlackTitle "WIM"]
[BlackCountry "ARM"]
[BlackFideId "13300270"]
[BlackEloChange "6"]

1. e4 {[%clk 1:30:58]} Nf6 {[%clk 1:30:54]} 2. e5 {[%clk 1:31:23]} Nd5 {[%clk
1:31:21]} 3. d4 {[%clk 1:31:48]} d6 {[%clk 1:31:46]} 4. c4 {[%clk 1:32:00]} Nb6
{[%clk 1:32:11]} 5. exd6 {[%clk 1:32:06]} cxd6 {[%clk 1:32:39]} 6. Nc3 {[%clk
1:32:03]} g6 {[%clk 1:33:02]} 7. Be3 {[%clk 1:32:28]} Bg7 {[%clk 1:33:27]} 8. Rc1
{[%clk 1:32:53]} O-O {[%clk 1:33:50]} 9. b3 {[%clk 1:32:43]} Bf5 {[%clk 1:34:13]}
10. Nf3 {[%clk 1:32:28]} d5 {[%clk 1:33:56]} 11. c5 {[%clk 1:30:30]} Nc8 {[%clk
1:31:53]} 12. Be2 {[%clk 1:27:12]} Nc6 {[%clk 1:29:48]} 13. O-O {[%clk 1:25:59]}
Bg4 {[%clk 1:30:13]} 14. h3 {[%clk 1:06:51]} Bxf3 {[%clk 1:29:50]} 15. Bxf3
{[%clk 1:07:17]} e6 {[%clk 1:30:16]} 16. b4 {[%clk 0:51:19]} N8e7 {[%clk
1:30:18]} 17. b5 {[%clk 0:50:21]} Na5 {[%clk 1:30:43]} 18. Ne2 {[%clk 0:35:07]}
Nc4 {[%clk 1:26:43]} 19. Bf4 {[%clk 0:31:56]} Qd7 {[%clk 1:25:17]} 20. a4 {[%clk
0:29:47]} Rac8 {[%clk 1:24:08]} 21. Re1 {[%clk 0:25:39]} Nf5 {[%clk 1:17:56]} 22.
Rc2 {[%clk 0:19:21]} Nh4 {[%clk 1:16:33]} 23. Qd3 {[%clk 0:19:33]} Qd8 {[%clk
1:07:33]} 24. Bg3 {[%clk 0:13:51]} Nxf3+ {[%clk 1:00:47]} 25. Qxf3 {[%clk
0:14:16]} Qa5 {[%clk 1:01:14]} 26. Rec1 {[%clk 0:05:06]} Qxa4 {[%clk 0:59:49]}
27. Rxc4 {[%clk 0:05:29]} dxc4 {[%clk 1:00:16]} 28. Qxb7 {[%clk 0:05:54]} e5
{[%clk 1:00:43]} 29. dxe5 {[%clk 0:01:41]} Rxc5 {[%clk 1:00:26]} 30. e6 {[%clk
0:02:00]} Qxb5 {[%clk 0:56:07]} 31. exf7+ {[%clk 0:02:25]} Rxf7 {[%clk 0:56:05]}
32. Qxb5 {[%clk 0:02:11]} Rxb5 {[%clk 0:56:33]} 33. Rxc4 {[%clk 0:02:35]} Rd7
{[%clk 0:55:00]} 34. Nc3 {[%clk 0:01:48]} Bxc3 {[%clk 0:53:10]} 35. Rxc3 {[%clk
0:02:16]} a5 {[%clk 0:53:14]} 36. Rc8+ {[%clk 0:02:40]} Kf7 {[%clk 0:53:42]} 37.
Ra8 {[%clk 0:02:29]} Ke6 {[%clk 0:54:07]} 38. Bf4 {[%clk 0:02:12]} Kf5 {[%clk
0:53:50]} 39. Be3 {[%clk 0:02:28]} Ke4 {[%clk 0:53:58]} 40. g4 {[%clk 0:31:44]}
Kd3 {[%clk 1:24:09]} 41. Kg2 {[%clk 0:32:01]} Kc3 {[%clk 1:24:28]} 42. h4 {[%clk
0:32:08]} Kb3 {[%clk 1:24:53]} 43. Bh6 {[%clk 0:27:58]} Rdb7 {[%clk 1:21:05]} 44.
Bf4 {[%clk 0:25:45]} Rd5 {[%clk 1:20:52]} 45. Bh6 {[%clk 0:25:51]} a4 {[%clk
1:17:49]} 46. Bf8 {[%clk 0:24:18]} Rdd7 {[%clk 1:18:05]} 47. Kg3 {[%clk 0:22:52]}
Ra7 {[%clk 1:17:48]} 48. Re8 {[%clk 0:22:19]} a3 {[%clk 1:17:30]} 49. Re3+ {[%clk
0:22:42]} Kb2 {[%clk 1:17:36]} 50. Re2+ {[%clk 0:22:13]} Kc3 {[%clk 1:17:35]} 51.
Re3+ {[%clk 0:20:07]} Rd3 {[%clk 1:17:46]} 0-1

[Event "European Women's Championship"]
[Site "Vysoke Tatry"]
[Date "2018.04.14"]
[Round "7"]
[White "Dwilewicz, Katarzyna"]
[Black "Semenova, Elena"]
[Result "0-1"]
[Board "55"]
[WhiteElo "1967"]
[WhiteTitle "WFM"]
[WhiteCountry "POL"]
[WhiteFideId "1148486"]
[WhiteEloChange "-4"]
[BlackElo "2221"]
[BlackTitle "WIM"]
[BlackCountry "RUS"]
[BlackFideId "24125148"]
[BlackEloChange "4"]

1. e4 {[%clk 1:30:58]} e5 {[%clk 1:30:54]} 2. Nf3 {[%clk 1:31:21]} Nc6 {[%clk
1:31:21]} 3. Bc4 {[%clk 1:31:39]} Nf6 {[%clk 1:31:42]} 4. d3 {[%clk 1:31:55]} Bc5
{[%clk 1:31:46]} 5. O-O {[%clk 1:31:26]} O-O {[%clk 1:32:06]} 6. c3 {[%clk
1:31:33]} d5 {[%clk 1:30:40]} 7. exd5 {[%clk 1:31:58]} Nxd5 {[%clk 1:31:06]} 8.
a4 {[%clk 1:32:24]} a6 {[%clk 1:26:11]} 9. a5 {[%clk 1:24:54]} h6 {[%clk
1:15:51]} 10. Nbd2 {[%clk 1:18:17]} Nf6 {[%clk 1:10:45]} 11. Re1 {[%clk 1:14:49]}
Bf5 {[%clk 1:08:19]} 12. Nb3 {[%clk 1:00:13]} Ba7 {[%clk 0:55:31]} 13. h3 {[%clk
0:53:41]} Qd6 {[%clk 0:53:24]} 14. Nh4 {[%clk 0:45:25]} Bh7 {[%clk 0:48:13]} 15.
Qf3 {[%clk 0:43:03]} e4 {[%clk 0:46:18]} 16. dxe4 {[%clk 0:41:50]} Ne5 {[%clk
0:46:44]} 17. Qe2 {[%clk 0:35:49]} Nxc4 {[%clk 0:46:14]} 18. e5 {[%clk 0:32:04]}
Nxe5 {[%clk 0:39:42]} 19. Bf4 {[%clk 0:29:44]} Qd5 {[%clk 0:38:17]} 20. Bxe5
{[%clk 0:28:59]} Qxb3 {[%clk 0:35:35]} 21. Bxf6 {[%clk 0:29:18]} gxf6 {[%clk
0:35:45]} 22. Qg4+ {[%clk 0:18:45]} Kh8 {[%clk 0:36:10]} 23. Qf4 {[%clk 0:19:05]}
Kg7 {[%clk 0:34:13]} 24. Qg3+ {[%clk 0:18:57]} Bg6 {[%clk 0:33:02]} 25. Re7
{[%clk 0:18:56]} Qc2 {[%clk 0:32:49]} 26. Rae1 {[%clk 0:05:11]} Rad8 {[%clk
0:28:35]} 27. R1e2 {[%clk 0:01:45]} Qc1+ {[%clk 0:27:06]} 28. Kh2 {[%clk
0:01:39]} Qg5 {[%clk 0:27:19]} 29. Nxg6 {[%clk 0:00:38]} Qxg3+ {[%clk 0:27:01]}
30. fxg3 {[%clk 0:00:57]} Kxg6 {[%clk 0:27:29]} 31. Rxc7 {[%clk 0:00:58]} Rd3
{[%clk 0:25:37]} 32. Rxb7 {[%clk 0:00:52]} Bb8 {[%clk 0:25:50]} 33. h4 {[%clk
0:00:52]} Bxg3+ {[%clk 0:26:13]} 34. Kh3 {[%clk 0:01:18]} Be5+ {[%clk 0:26:14]}
0-1

[Event "European Women's Championship"]
[Site "Vysoke Tatry"]
[Date "2018.04.14"]
[Round "7"]
[White "Nemcova, Karin"]
[Black "Michna, Marta"]
[Result "1-0"]
[Board "56"]
[WhiteElo "1992"]
[WhiteCountry "CZE"]
[WhiteFideId "360821"]
[WhiteEloChange "18"]
[BlackElo "2367"]
[BlackTitle "WGM"]
[BlackCountry "GER"]
[BlackFideId "1106686"]
[BlackEloChange "-18"]

1. e4 {[%clk 1:30:56]} d6 {[%clk 1:30:57]} 2. d4 {[%clk 1:31:13]} Nf6 {[%clk
1:31:22]} 3. Nc3 {[%clk 1:31:30]} c6 {[%clk 1:31:49]} 4. f4 {[%clk 1:31:33]} Qa5
{[%clk 1:31:57]} 5. Bd3 {[%clk 1:31:49]} e5 {[%clk 1:32:04]} 6. Nf3 {[%clk
1:32:03]} Bg4 {[%clk 1:32:21]} 7. Be3 {[%clk 1:32:23]} Nbd7 {[%clk 1:32:29]} 8.
O-O {[%clk 1:32:19]} Be7 {[%clk 1:32:53]} 9. h3 {[%clk 1:32:31]} Bh5 {[%clk
1:33:16]} 10. Qd2 {[%clk 1:30:34]} Bxf3 {[%clk 1:33:33]} 11. Rxf3 {[%clk
1:30:33]} O-O {[%clk 1:14:35]} 12. Nd5 {[%clk 1:22:53]} Qd8 {[%clk 1:14:54]} 13.
Nxe7+ {[%clk 1:23:07]} Qxe7 {[%clk 1:15:21]} 14. dxe5 {[%clk 1:22:43]} dxe5
{[%clk 1:15:45]} 15. f5 {[%clk 1:21:48]} Rfe8 {[%clk 1:01:49]} 16. Qf2 {[%clk
1:17:57]} Qb4 {[%clk 0:58:48]} 17. c3 {[%clk 1:16:23]} Qa4 {[%clk 0:51:58]} 18.
Qh4 {[%clk 1:12:35]} Kh8 {[%clk 0:50:09]} 19. Rg3 {[%clk 1:11:02]} b5 {[%clk
0:41:35]} 20. Rf3 {[%clk 1:03:10]} b4 {[%clk 0:22:26]} 21. g4 {[%clk 0:49:43]}
bxc3 {[%clk 0:22:38]} 22. b3 {[%clk 0:49:26]} Qa3 {[%clk 0:19:02]} 23. g5 {[%clk
0:48:27]} Rad8 {[%clk 0:10:43]} 24. gxf6 {[%clk 0:34:46]} Nxf6 {[%clk 0:10:16]}
25. Bg5 {[%clk 0:33:09]} Rd6 {[%clk 0:08:04]} 26. Raf1 {[%clk 0:23:30]} Qc5+
{[%clk 0:05:28]} 27. Qf2 {[%clk 0:20:35]} Qa5 {[%clk 0:05:34]} 28. Kh1 {[%clk
0:17:22]} Red8 {[%clk 0:03:53]} 29. Bxf6 {[%clk 0:17:04]} Rxf6 {[%clk 0:03:11]}
30. Rg1 {[%clk 0:16:22]} Rh6 {[%clk 0:02:01]} 31. Qg3 {[%clk 0:16:27]} Rg8 {[%clk
0:01:44]} 32. Qg5 {[%clk 0:13:44]} Qxa2 {[%clk 0:01:02]} 33. Rfg3 {[%clk
0:11:58]} Qd2 {[%clk 0:01:22]} 34. Qxd2 {[%clk 0:10:49]} cxd2 {[%clk 0:01:49]}
35. Rd1 {[%clk 0:10:43]} Rd8 {[%clk 0:01:41]} 36. Rxd2 {[%clk 0:08:47]} Rhd6
{[%clk 0:02:07]} 37. Kg2 {[%clk 0:09:09]} g6 {[%clk 0:02:29]} 38. fxg6 {[%clk
0:07:45]} hxg6 {[%clk 0:02:55]} 39. Re3 {[%clk 0:02:08]} Kg7 {[%clk 0:02:02]} 40.
Kf2 {[%clk 0:32:15]} f5 {[%clk 0:32:03]} 41. Ke2 {[%clk 0:31:55]} Kf6 {[%clk
0:26:54]} 42. Ra2 {[%clk 0:31:02]} f4 {[%clk 0:26:17]} 43. Rf3 {[%clk 0:31:27]}
R8d7 {[%clk 0:26:39]} 44. Bc4 {[%clk 0:29:03]} Rd4 {[%clk 0:24:37]} 45. Bd3
{[%clk 0:28:36]} Ke7 {[%clk 0:13:38]} 46. Ra5 {[%clk 0:27:19]} Kf6 {[%clk
0:12:20]} 47. Ra6 {[%clk 0:27:37]} R4d6 {[%clk 0:12:33]} 48. Kd2 {[%clk 0:27:38]}
Kg5 {[%clk 0:09:47]} 49. Kc3 {[%clk 0:25:10]} Kh4 {[%clk 0:09:58]} 50. Ra5 {[%clk
0:18:13]} Re7 {[%clk 0:10:22]} 51. Ra1 {[%clk 0:14:37]} Rb7 {[%clk 0:10:03]} 52.
Rg1 {[%clk 0:14:13]} Kh5 {[%clk 0:10:27]} 53. Be2 {[%clk 0:13:58]} Kh6 {[%clk
0:10:44]} 54. Rd1 {[%clk 0:13:51]} Rf6 {[%clk 0:09:25]} 55. Rd8 {[%clk 0:12:34]}
Rff7 {[%clk 0:08:59]} 56. Re8 {[%clk 0:12:07]} Rfe7 {[%clk 0:08:49]} 57. Rxe7
{[%clk 0:12:10]} Rxe7 {[%clk 0:09:28]} 58. Rd3 {[%clk 0:12:03]} Kg5 {[%clk
0:08:50]} 59. Kc4 {[%clk 0:12:02]} Kh4 {[%clk 0:08:22]} 60. Kc5 {[%clk 0:11:57]}
Rb7 {[%clk 0:08:27]} 61. Kxc6 {[%clk 0:11:17]} Rb4 {[%clk 0:08:55]} 62. Kd5
{[%clk 0:11:36]} Rb5+ {[%clk 0:09:18]} 63. Ke6 {[%clk 0:10:22]} Ra5 {[%clk
0:09:05]} 64. Bg4 {[%clk 0:09:27]} g5 {[%clk 0:09:25]} 65. Kd6 {[%clk 0:07:25]}
Rb5 {[%clk 0:08:41]} 66. Rc3 {[%clk 0:07:08]} Ra5 {[%clk 0:08:42]} 67. Bd7 {[%clk
0:06:27]} Ra1 {[%clk 0:07:37]} 68. Kxe5 {[%clk 0:06:38]} Rg1 {[%clk 0:08:05]} 69.
Bg4 {[%clk 0:06:19]} Rg3 {[%clk 0:07:45]} 70. Rxg3 {[%clk 0:04:48]} fxg3 {[%clk
0:07:33]} 71. Bf3 {[%clk 0:05:14]} Kxh3 {[%clk 0:07:18]} 72. Kf5 {[%clk 0:05:37]}
g4 {[%clk 0:06:41]} 73. Bxg4+ {[%clk 0:06:00]} Kg2 {[%clk 0:07:08]} 74. Kf4
{[%clk 0:06:25]} Kf2 {[%clk 0:07:35]} 75. Bf3 {[%clk 0:06:47]} 1-0